000 00572nam a2200205 u 4500
005 20240228064334.0
008 190207s2011 r 000 0 eng d
020 _a9788493721299
035 _aUPN01000228888
049 _aI
050 4 _aPZ74.9
_bS4.2
100 1 _aSerrano, Lucía
_939528
245 1 1 _a¡A comer! /
_ctexto e il. Lucía Serrano.
260 _aBarcelona, Esp. :
_bEkaré,
_c2011.
300 _a[12] p. :
_bprincipalmente il. col.
440 0 _aPikinini
650 4 _aLibros y lectura para niños
_92290
905 _aInfantil
999 _c200983
_d200983